000 00295nam a22001217a 4500
008 230626b xxu||||| |||| 00| 0 eng d
082 _a331.2
_bSTE
100 _cJoseph J. Stern
245 _aEmployment Patters and Income Growth
260 _aKenya
_bUSA
_c1980
300 _a69p
942 _2ddc
_cBK
999 _c2706
_d2706